书目信息 |
| 题名: |
看图学装收音机
|
|
| 作者: | 朱蔼初 著 | |
| 分册: | ||
| 出版信息: | 上海 少年儿童出版社 1984 |
|
| 页数: | 77页 | |
| 开本: | 20cm | |
| 丛书名: | ||
| 单 册: | ||
| 中图分类: | TN85 | |
| 科图分类: | ||
| 主题词: | 接收机 , 收音机 | |
| 电子资源: | ||
| ISBN: | ||
| 000 | 00564nam0 2200217 450 | |
| 001 | 0653986341 | |
| 005 | 20060911150121.48 | |
| 010 | @dCNY0.32 | |
| 091 | @aR13024.185 | |
| 100 | @a20060911d1984 km y0chiy0120 ea | |
| 101 | 0 | @achi |
| 102 | @aCN@b310000 | |
| 200 | 1 | @a看图学装收音机@Akan tu xue zhuang shou yin ji@f朱蔼初 著@Fzhu ai chu zhu |
| 210 | @a上海@c少年儿童出版社@d1984 | |
| 215 | @a77页@d20cm | |
| 606 | 0 | @a接收机 |
| 606 | 0 | @a收音机 |
| 690 | @aTN85@v3 | |
| 701 | 0 | @a朱蔼初@Azhu ai chu@4著 |
| 801 | 0 | @aCN@bPFT@c20060911 |
| 905 | @a10447@dTN85@e63 | |
| 看图学装收音机/朱蔼初 著.-上海:少年儿童出版社,1984 |
| 77页;20cm |
| ISBN :CNY0.32 |
| ● |
| 相关链接 |
|
|
|
|
正题名:看图学装收音机
索取号:TN85/63
 
预约/预借
| 序号 | 登录号 | 条形码 | 馆藏地/架位号 | 状态 | 备注 |
| 1 | 0470515 | 204705159 | 密集书库/ [索取号:TN85/63] | 在馆 |